Normal view
MARC view
- تاليف العبود،عبد الكريم توفيق
Entry Personal Name
001 - CONTROL NUMBER
- control field: 18677
003 - CONTROL NUMBER IDENTIFIER
- control field: JO-AjAnu
005 - DATE AND TIME OF LATEST TRANSACTION
- control field: 20230606073257.0
008 - FIXED-LENGTH DATA ELEMENTS
- fixed length control field: 230606|| aca||aabn | a|a d
040 ## - CATALOGING SOURCE
- Original cataloging agency: JO-AjAnu
- Transcribing agency: JO-AjAnu
100 ## - HEADING--PERSONAL NAME
- Personal name: تاليف العبود،عبد الكريم توفيق
670 ## - SOURCE DATA FOUND
- Source citation: Work cat.: (JO-AjAnu)9587: تاليف العبود،عبد الكريم توفيق, author, الشعر العربي في العراق من سقوط السلاجقة حتى سقوط بغداد